Štúdie z dejín KSČ a robotníckeho hnutia na Slovensku (1917-1923)

Salvato in:
Dettagli Bibliografici
Natura: Libro
Lingua:slovacco
Pubblicazione: Bratislava Vydavateľstvo politickej literatúry 1968
Tags: Aggiungi Tag
Nessun Tag, puoi essere il primo ad aggiungerne!!

MARC

LEADER 00000nam a2200000 4500
001 c122503
005 20240417083315.2
041 0 |a slo 
044 |a SK 
245 1 0 |a Štúdie z dejín KSČ a robotníckeho hnutia na Slovensku (1917-1923) 
264 1 |a Bratislava  |b Vydavateľstvo politickej literatúry  |c 1968 
300 |a 293 s.